| 000 | 00879nam a2200241 a 4500 | ||
|---|---|---|---|
| 001 | BRCA_6453 | ||
| 005 | 20190320205447.0 | ||
| 008 | 091208s1958----nyua---###---#000-0#eng-# | ||
| 050 | 4 |
_aNB237 _b.S38 2 1958 |
|
| 245 | 1 | 0 |
_aSculpture by Anna Hyatt Huntington _cHispanic Society of America. |
| 260 |
_aNuva York _bThe Society _c1958 |
||
| 300 |
_a[24] p. _bil. _c23 cm. |
||
| 500 | _aCatálogo de la exposición realizada en the Hispanic Society of America (New York), 15 de octubre, 1957 - 15 marzo, 1958 | ||
| 500 | _aEjemplar igual a: AA18 | ||
| 500 | _aM56 | ||
| 600 | 1 | 4 |
_aHuntington, Ana Vaught (Hyatt) _97896 |
| 650 | 1 | 4 |
_aEscultores estadounidenses _xExposiciones _97897 |
| 650 | 1 | 4 |
_aGalerías y museos _zEstados Unidos _97437 |
| 650 | 1 | 4 |
_aEscultura estadounidense _xExposiciones _97898 |
| 700 | 1 |
_aHispanic Society of America _97899 |
|
| 902 | _aGFM | ||
| 942 |
_2lcc _cB |
||
| 999 |
_c6137 _d6137 |
||